| 000 | 00633nam a22002417a 4500 | ||
|---|---|---|---|
| 003 | UA-OsUOA | ||
| 001 | 18569 | ||
| 007 | ta | ||
| 008 | 20040211b un ||||| |||| 00| 0 ukr d | ||
| 090 | _bН-34 | ||
| 942 | _cBK | ||
| 040 |
_aUA-OsUOA _bukr _cUA-OsUOA _dUA-OsUOA |
||
| 245 | _aНаукові записки (Моральне виховання на християнських цінностях) | ||
| 300 | _a155 с. | ||
| 955 | _a0 | ||
| 041 | _aukr | ||
| 020 | _a966-7631-15-Х | ||
| 591 | _a72 | ||
| 260 |
_aОстріг _c2001 |
||
| 246 | 3 | 1 |
_aВип.2 (2) _n |
| 044 | _aUA | ||
| 650 | 7 |
_aВиховна робота _2UDC |
|
| 999 |
_c304740 _d304740 |
||